[Event "17th Reykjavik op"]
[Site "Reykjavik ISL"]
[Date "1996.03.05"]
[Round "4.16"]
[White "Karason, Askell Oern"]
[Black "Yoos, John"]
[Result "0-1"]
[WhiteElo "2230"]
[BlackElo "2345"]
[EventDate "1996.03.02"]
[PlyCount "70"]

1.d4 g6 2.e4 d6 3.c4 Bg7 4.Nc3 Nf6 5.Be2 O-O 6.Bg5 Na6 7.Qd2 e5 8.d5 Qe8 
9.Bd1 c6 10.Bc2 cxd5 11.cxd5 Nb4 12.Bd1 a5 13.Nge2 Bd7 14.Ng3 h5 15.f3 Nh7
16.Be3 h4 17.Nf1 f5 18.Be2 Rc8 19.a3 Na6 20.Bxa6 bxa6 21.Bh6 Qd8 22.Bxg7 
Kxg7 23.Ne3 f4 24.Ned1 h3 25.Rg1 Ng5 26.Qe2 Bb5 27.Nxb5 Qb6 28.Kf1 axb5 
29.gxh3 Nxh3 30.Rg4 Rh8 31.Nc3 Qe3 32.Re1 b4 33.axb4 axb4 34.Nd1 Qb3 35.
Qa6 Qxf3+ 0-1

[Event "17th Reykjavik op"]
[Site "Reykjavik ISL"]
[Date "1996.03.05"]
[Round "4.17"]
[White "Vidarsson, Jon"]
[Black "Einarsson, Bergsteinn"]
[Result "1-0"]
[WhiteElo "2340"]
[BlackElo "2175"]
[EventDate "1996.03.02"]
[PlyCount "79"]

1.e4 c5 2.Nf3 d6 3.d4 cxd4 4.Nxd4 Nf6 5.Nc3 a6 6.Be2 e5 7.Nf3 Qc7 8.a4 h6 
9.O-O Be6 10.Nd5 Nxd5 11.exd5 Bf5 12.c3 Be7 13.Ne1 O-O 14.f4 exf4 15.Rxf4 
Bg6 16.Nf3 Nd7 17.Be3 Rfe8 18.Rc4 Qd8 19.a5 Bf6 20.Bf2 Be5 21.Bd3 Bxd3 22.
Qxd3 Rc8 23.Rb4 Qc7 24.Kh1 Nf6 25.Bb6 Qe7 26.Re1 Nd7 27.Bd4 Nc5 28.Qf1 Qd7
29.Bf2 Qf5 30.Bxc5 Rxc5 31.Rxb7 Rxa5 32.c4 f6 33.Qe2 Qc8 34.Rb6 Rc5 35.b3 
Rd8 36.Qe4 f5 37.Qe2 Kh7 38.Nxe5 Re8 39.Rxd6 Qb8 40.Re6 1-0

[Event "17th Reykjavik op"]
[Site "Reykjavik ISL"]
[Date "1996.03.05"]
[Round "4.19"]
[White "Thorarinsson, Pall"]
[Black "Bjornsson, Bjorn Freyr"]
[Result "0-1"]
[WhiteElo "2065"]
[BlackElo "2230"]
[EventDate "1996.03.02"]
[PlyCount "66"]

1.c4 g6 2.Nc3 Bg7 3.e4 c5 4.Nge2 Nc6 5.g3 e6 6.Bg2 Nge7 7.O-O Nd4 8.a3 
Nec6 9.Rb1 h5 10.f4 h4 11.d3 hxg3 12.hxg3 d6 13.b4 cxb4 14.axb4 Nxe2+ 15.
Nxe2 Qb6+ 16.Rf2 e5 17.Bb2 Bg4 18.b5 exf4 19.Bxg7 fxg3 20.d4 gxf2+ 21.Kxf2
Bxe2 22.Kxe2 Rh2 23.Kf1 Ne7 24.Kg1 Rh5 25.Bf6 Ng8 26.Qf3 Nxf6 27.Qxf6 d5 
28.Qg7 dxe4 29.Qg8+ Ke7 30.Qxa8 Qxd4+ 31.Kf1 Qd3+ 32.Kf2 Rf5+ 33.Kg1 Qe3+ 
0-1

[Event "17th Reykjavik op"]
[Site "Reykjavik ISL"]
[Date "1996.03.05"]
[Round "4.21"]
[White "Halldorsson, Jon Arni"]
[Black "Gislason, Gudmundur"]
[Result "0-1"]
[WhiteElo "2160"]
[BlackElo "2305"]
[EventDate "1996.03.02"]
[PlyCount "52"]

1.d4 Nf6 2.Nf3 g6 3.g3 Bg7 4.Bg2 O-O 5.O-O d6 6.a4 Na6 7.Nc3 c5 8.d5 Nc7 
9.Nd2 Bd7 10.Re1 a6 11.Nc4 b5 12.Nb6 Rb8 13.a5 b4 14.Ne4 Bb5 15.Nd2 Rxb6 
16.axb6 Ncxd5 17.Nb3 Nxb6 18.Bb7 Nc4 19.Bxa6 Bxa6 20.Rxa6 Qc8 21.Ra7 Qh3 
22.e3 Ng4 23.Qf3 Qxh2+ 24.Kf1 Nce5 25.Qg2 Qh5 26.Kg1 Nh2 0-1

[Event "17th Reykjavik op"]
[Site "Reykjavik ISL"]
[Date "1996.03.05"]
[Round "4.22"]
[White "Berg, Bo"]
[Black "Gunnarsson, Arinbjorn"]
[Result "0-1"]
[WhiteElo "2085"]
[BlackElo "2220"]
[EventDate "1996.03.02"]
[PlyCount "30"]

1.e4 e6 2.d4 d5 3.Nc3 Bb4 4.a3 Bxc3+ 5.bxc3 dxe4 6.f3 c5 7.fxe4 $2 ( 7.Be3
) 7...Qh4+ 8.g3 $2 $19 ( 8.Kd2 $17 Qxe4 9.Qf3 Nf6 $17 ) 8...Qxe4+ 9.Kf2 
Qxh1 10.Nf3 Bd7 11.Qd2 ( 11.Qe2 Nf6 12.h3 ( 12.Bg2 Ng4# ) 12...Bc6 13.Bg2 
Ne4+ 14.Ke3 Nxc3 15.Bxh1 cxd4+ 16.Nxd4 Nxe2 17.Nxc6 Nxg3 18.Nxb8 Nxh1 ) 
11...Nf6 12.Qf4 Bc6 13.Bb5 Qd1 14.Bxc6+ Nxc6 15.Ra2 O-O 0-1

[Event "17th Reykjavik op"]
[Site "Reykjavik ISL"]
[Date "1996.03.05"]
[Round "4.23"]
[White "Edvardsson, Kristjan"]
[Black "Sigurjonsson, Stefan Thor"]
[Result "1-0"]
[WhiteElo "2190"]
[BlackElo "2125"]
[EventDate "1996.03.02"]
[PlyCount "255"]

1.d4 d5 2.c4 e6 3.Nc3 Nf6 4.cxd5 exd5 5.Bg5 c6 6.Qc2 h6 7.Bh4 Bd6 8.e3 b6 
9.Bxf6 gxf6 10.Nf3 f5 11.g3 Be6 12.Bh3 Qf6 13.O-O-O Na6 14.Nh4 O-O-O 15.
Bxf5 Kb7 16.Bxe6 fxe6 17.f4 c5 18.Kb1 Nb4 19.Qe2 cxd4 20.exd4 Rhf8 21.a3 
Nc6 22.Nf3 a6 23.Rhe1 Rde8 24.Qe3 b5 25.Rc1 Bc7 26.Qd3 Bb6 27.Ne5 Nxd4 28.
Nd7 Qf5 29.Qxf5 Rxf5 30.Nxb6 Kxb6 31.Rcd1 Nf3 32.Re2 Kc5 33.Rd3 Nd4 34.
Red2 Nb3 35.Rc2 Kc4 36.Rd1 Nd4 37.Rcc1 Nb3 38.Rc2 Nd4 39.Nxb5+ Nxc2 40.
Nd6+ Kc5 41.Nxe8 Ne3 42.Rc1+ Kb6 43.Ng7 Rf6 44.Re1 d4 45.Kc1 Kc5 46.b3 Kd5
47.Kd2 Rf7 48.Ne8 e5 49.fxe5 Kxe5 50.Rc1 Nd5 51.Re1+ Ne3 52.Rc1 Rf2+ 53.
Kd3 Rxh2 54.Rc5+ Ke6 55.Nc7+ Kd6 56.Nxa6 Rg2 57.Kxd4 Rxg3 58.Ke4 Ng4 59.
Rd5+ Kc6 60.Nb4+ Kb6 61.Rd6+ Kc5 62.Rd5+ Kb6 63.Kf4 Rxb3 64.Kxg4 Rxa3 65.
Nd3 Ra4+ 66.Nf4 Rc4 67.Rd6+ Rc6 68.Rd4 Kc5 69.Ra4 Kd6 70.Kh5 Ke5 71.Ng6+ 
Kf6 72.Rf4+ Kg7 73.Ne5 Rf6 74.Rg4+ Kh7 75.Re4 Re6 76.Kg4 Kg7 77.Kf5 Rf6+ 
78.Kg4 Re6 79.Kf4 Rf6+ 80.Kg4 Re6 81.Kh5 Kh7 82.Re1 Re8 83.Kg4 Kg7 84.Kf5 
Rf8+ 85.Ke6 Re8+ 86.Kd6 Ra8 87.Rg1+ Kf6 88.Rg6+ Kf5 89.Rxh6 $10 Ra6+ 90.
Nc6 Ke4 91.Rf6 Ra1 92.Re6+ Kf5 93.Re5+ Kf4 94.Kd5 Rd1+ 95.Nd4 Ra1 96.Re4+ 
Kg3 97.Ke5 Ra5+ 98.Kf6 Ra8 99.Nf5+ Kf3 100.Rb4 Rf8+ 101.Ke6 Re8+ 102.Kd5 
Rd8+ 103.Nd6 Ra8 104.Ke5 Ra5+ 105.Nb5 Ra8 106.Nd4+ Kg3 107.Nf5+ Kf3 108.
Rb3+ Kg4 109.Rg3+ Kh5 {Der K@ nig ist nun am Rand, die Stellung ist aber 
immer noch remis. Die Gewinnchancen mit i +i sind geringer als mit i +i 
gegen i .} 110.Ng7+ Kh4 111.Rg1 Ra5+ 112.Kf6 Ra6+ 113.Ne6 Ra2 114.Rg8 Rf2+
115.Ke5 Ra2 116.Nd4 Ra4 117.Nf3+ Kh3 118.Kf5 Rb4 119.Ne5 Ra4 120.Rg1 Rb4 
121.Nd3 Rb8 122.Nf4+ Kh2 123.Rg2+ Kh1 {Womit sich der K@ nig nun in der 
schlechtesten Position, der Ecke befindet. Es reicht trotzdem noch, aber 
man mu@ genau spielen.} 124.Rg7 Rf8+ $4 {Der wei@en. e K@@en. nig will 
sowieso nach f3/f2. Man sollte ihn nicht noch dahin treiben.} ( 124...Rb5+
$10 ) 125.Ke4 Ra8 126.Ke3 $4 {Ungenaue Route nach f2. Fluchtfeld g3 
mu@htfeld kontrolliert werden.} ( 126.Kf3 $1 Kh2 ( 126...Ra3+ 127.Kf2 Ra2+
128.Ne2 $18 ) 127.Rh7+ Kg1 128.Ne2+ Kf1 129.Rh1# ) 126...Ra3+ $4 ( 126...
Kh2 $1 127.Rh7+ ( 127.Kf2 Ra2+ 128.Ne2 Kh3 $10 ) 127...Kg3 $10 ) 127.Kf2 
Ra2+ 128.Ne2 {White won OTB, but Sigurjonsson claimed draw on threefold 
repetition (which the table referee did not react properly earlier).} ( 
128.Ne2 Kh2 129.Rh7# ) 1-0

[Event "17th Reykjavik op"]
[Site "Reykjavik ISL"]
[Date "1996.03.05"]
[Round "4.27"]
[White "Gulko, Anna"]
[Black "Thorfinnsson, Bragi"]
[Result "1-0"]
[WhiteElo "2385"]
[BlackElo "2155"]
[EventDate "1996.03.02"]
[PlyCount "69"]

1.d4 Nf6 2.c4 e6 3.Nc3 Bb4 4.e3 O-O 5.Bd3 d5 6.a3 Bxc3+ 7.bxc3 dxc4 8.Bxc4
c5 9.Ne2 Nc6 10.O-O e5 11.a4 Qc7 12.Ba2 Rd8 13.Qc2 Ne7 14.dxe5 Qxe5 15.f3 
Nfd5 16.e4 Nb4 17.cxb4 Qxa1 18.bxc5 Qf6 19.Bb2 Qh6 20.f4 Bg4 21.h3 Bxe2 
22.Qxe2 Rac8 23.Qc4 Rf8 24.Be5 Rc6 25.Qd4 b6 26.Bd6 bxc5 27.Bxc5 Qh4 28.f5
Re8 29.Qd7 Rcc8 30.f6 Red8 31.Qxe7 Qh5 32.Rf5 Rd1+ 33.Kh2 Qg6 34.fxg7 Kxg7
35.Bxf7 1-0

[Event "17th Reykjavik op"]
[Site "Reykjavik ISL"]
[Date "1996.03.05"]
[Round "4.28"]
[White "Sigfusson, Sigurdur"]
[Black "Gustafson, Dale"]
[Result "1-0"]
[WhiteElo "2245"]
[BlackElo "2090"]
[EventDate "1996.03.02"]
[PlyCount "84"]

1.d4 Nf6 2.e3 g6 3.Bd3 Bg7 4.f4 d6 5.Nf3 O-O 6.O-O Nc6 7.c3 e5 8.fxe5 dxe5
9.Nbd2 Ng4 10.Ne4 Qe7 11.d5 Nd8 12.h3 Nh6 13.b3 Kh8 14.a4 Nf5 15.Ba3 Nd6 
16.c4 b6 17.a5 f5 18.Nxd6 cxd6 19.e4 Rb8 20.axb6 axb6 21.Bb4 f4 22.Qe2 Nf7
23.Ra2 Rd8 24.Rfa1 Ng5 25.Nxg5 Qxg5 26.Ra8 Rxa8 27.Rxa8 Bf8 28.Qf3 Qe7 29.
Bc3 Bg7 30.Qf2 Rf8 31.Be2 h5 32.Bf3 Qg5 33.Qxb6 Bxh3 34.Rxf8+ Bxf8 35.Qf2 
Bd7 36.b4 Qd8 37.c5 Bg4 38.Bxg4 hxg4 39.Qxf4 Kh7 40.Qxg4 Bh6 41.Qh3 Qg5 
42.Be1 Kg8 1-0

[Event "17th Reykjavik op"]
[Site "Reykjavik ISL"]
[Date "1996.03.05"]
[Round "4.29"]
[White "Briem, Stefan"]
[Black "Ragnarsson, Johann"]
[Result "1-0"]
[WhiteElo "2180"]
[BlackElo "2130"]
[EventDate "1996.03.02"]
[PlyCount "77"]

1.e4 c6 2.d4 d5 3.e5 Bf5 4.h4 h5 5.Ne2 e6 6.Ng3 Bg6 7.Nd2 c5 8.c3 Nc6 9.
Bb5 Qb6 10.Bxc6+ bxc6 11.Nf3 Be7 12.dxc5 Bxc5 13.O-O a5 14.Qa4 Bd3 15.b4 
Bxf1 16.bxc5 Qb5 17.Qf4 Bd3 18.Be3 Ne7 19.a4 Qb2 20.Rd1 Qc2 21.Rc1 Qb3 22.
Nd4 Qxa4 23.Qf3 Bg6 24.Bg5 Rb8 25.Qe2 Qc4 26.Bxe7 Qxe2 27.Ngxe2 Kxe7 28.
Nxc6+ Kd7 29.Nxb8+ Rxb8 30.Nd4 Bb1 31.c4 a4 32.cxd5 a3 33.c6+ Kc8 34.c7 
Rb4 35.d6 Bc2 36.Nxc2 Rc4 37.Rb1 Kd7 38.Nxa3 f6 39.Nxc4 1-0

[Event "17th Reykjavik op"]
[Site "Reykjavik ISL"]
[Date "1996.03.05"]
[Round "4.30"]
[White "Schubert, Hans-Joachim"]
[Black "Schmied, Andreas"]
[Result "1/2-1/2"]
[WhiteElo "2120"]
[BlackElo "2155"]
[EventDate "1996.03.02"]
[PlyCount "32"]

1.e4 c5 2.Nf3 Nc6 3.c3 d5 4.exd5 Qxd5 5.d4 cxd4 6.cxd4 e5 7.Nc3 Bb4 8.Bd2 
Bxc3 9.Bxc3 e4 10.Ne5 Nxe5 11.dxe5 Ne7 12.Qh5 O-O 13.Rd1 Qc5 14.Bd4 Qa5+ 
15.Bc3 Qc5 16.Bd4 Qa5+ 1/2-1/2

[Event "17th Reykjavik op"]
[Site "Reykjavik ISL"]
[Date "1996.03.05"]
[Round "4.31"]
[White "Thorfinnsson, Bjoern"]
[Black "Werner, Bernd-Michael"]
[Result "1-0"]
[WhiteElo "2060"]
[BlackElo "2165"]
[EventDate "1996.03.02"]
[PlyCount "105"]

1.d4 Nf6 2.c4 g6 3.Nc3 Bg7 4.e4 d6 5.f3 O-O 6.Be3 c5 7.dxc5 dxc5 8.Qxd8 
Rxd8 9.Bxc5 Nc6 10.Nd5 Nd7 11.Ba3 b6 12.O-O-O e6 13.Ne7+ Nxe7 14.Bxe7 Re8 
15.Ba3 Nc5 16.Bd3 a5 17.Ne2 Ba6 18.Bxc5 bxc5 19.Kc2 Rab8 20.Nc3 Kf8 21.b3 
Bb7 22.Rhe1 Bxc3 23.Kxc3 e5 24.Bc2 Red8 25.Rxd8+ Rxd8 26.Rd1 Rxd1 27.Bxd1 
g5 28.a3 Ke7 29.b4 axb4+ 30.axb4 Kd6 31.Ba4 f6 32.Be8 Bc8 33.g4 Be6 34.Kb3
h6 35.Bb5 Bf7 36.Ka4 h5 37.h3 h4 38.Ka5 Be6 39.Ba6 cxb4 40.Kxb4 Bd7 41.Bb5
Be6 42.Be8 Ke7 43.Bc6 Kd6 44.Bd5 Bd7 45.c5+ Kc7 46.c6 Be8 47.Kc5 Bg6 48.
Bg8 Be8 49.Kd5 Bxc6+ 50.Ke6 Bb5 51.Kxf6 Be2 52.Kxg5 Bxf3 53.Bd5 1-0

[Event "17th Reykjavik op"]
[Site "Reykjavik ISL"]
[Date "1996.03.06"]
[Round "5.4"]
[White "Gulko, Boris"]
[Black "Gausel, Einar"]
[Result "1/2-1/2"]
[WhiteElo "2615"]
[BlackElo "2515"]
[EventDate "1996.03.02"]
[PlyCount "92"]

1.c4 e6 2.g3 d5 3.Bg2 Nf6 4.d4 Bb4+ 5.Nc3 O-O 6.Nf3 dxc4 7.O-O Nc6 8.Re1 
Nd5 9.Qc2 Be7 10.Ne4 Ndb4 11.Qc3 b5 12.a3 Nd5 13.Qc2 Bb7 14.Bg5 Bxg5 15.
Nexg5 Nf6 16.Rad1 h6 17.Nh3 Na5 18.e4 Nb3 19.d5 exd5 20.exd5 Qd6 21.Ne5 
Rae8 22.Qc3 Re7 23.Nf4 Rfe8 24.Nc6 Bxc6 25.dxc6 Rxe1+ 26.Rxe1 Rxe1+ 27.
Qxe1 Nd4 28.Qd1 Qe5 29.h4 Qc5 30.Qe1 Nxc6 31.Nd5 Nd4 32.Nxf6+ gxf6 {DL-DS:
schlechte schwarze Technik bei 2 Mehrbauern} 33.Qe8+ Kg7 34.Qd7 Qd6 ( 
34...Nf5 $1 {Plan: Sd6/a5/b4} ) 35.Qg4+ Kf8 36.Qc8+ Ke7 37.Qa8 a6 38.Bb7 
Qb6 39.Bxa6 c5 40.a4 bxa4 41.Bxc4 Ne6 42.Qxa4 Qxb2 43.Qa7+ Kf8 44.Bxe6 
Qc1+ 45.Kg2 fxe6 46.Qb8+ Ke7 1/2-1/2

[Event "17th Reykjavik op"]
[Site "Reykjavik ISL"]
[Date "1996.03.06"]
[Round "5.5"]
[White "Rozentalis, Eduardas"]
[Black "Olafsson, Helgi"]
[Result "1/2-1/2"]
[WhiteElo "2605"]
[BlackElo "2485"]
[EventDate "1996.03.02"]
[PlyCount "65"]

1.e4 c6 2.d4 d5 3.exd5 cxd5 4.c4 Nf6 5.Nc3 e6 6.Nf3 Bb4 7.Bd3 dxc4 8.Bxc4 
O-O 9.O-O b6 10.Bg5 Bb7 11.Re1 Bxc3 12.bxc3 Nbd7 13.Bd3 Qc7 14.Rc1 Rfe8 
15.Qe2 Rac8 16.c4 a6 17.Bd2 Bxf3 18.Qxf3 e5 19.d5 Qd6 20.Qg3 Kf8 21.Bf5 
Rc7 22.Qh4 Rec8 23.a4 a5 24.Rc3 Qb4 25.Qh3 Qd6 26.Rg3 h5 27.Bg5 Re8 28.
Bxd7 Qxd7 29.Qh4 Ng8 30.Bc1 g6 31.Ba3+ Kg7 32.Bb2 Kh7 33.Ra3 1/2-1/2

[Event "17th Reykjavik op"]
[Site "Reykjavik ISL"]
[Date "1996.03.06"]
[Round "5.7"]
[White "Van der Sterren, Paul"]
[Black "Berg, Emanuel"]
[Result "1/2-1/2"]
[WhiteElo "2535"]
[BlackElo "2180"]
[EventDate "1996.03.02"]
[PlyCount "159"]

1.d4 e6 2.c4 Nf6 3.g3 Bb4+ 4.Bd2 Qe7 5.Nf3 O-O 6.Bg2 Bxd2+ 7.Qxd2 c5 8.Nc3
Rd8 9.O-O d6 10.e4 cxd4 11.Nxd4 Nc6 12.Rad1 Nxd4 13.Qxd4 e5 14.Qe3 Be6 15.
b3 a6 16.Rd2 Qc7 17.Rfd1 Rac8 18.Rd3 h6 19.Qd2 Qa5 20.a4 Qb6 21.h3 Qxb3 
22.Nd5 Qxa4 23.Nb6 Qc6 24.Nxc8 Rxc8 25.Rxd6 Qxc4 26.Qb2 b5 27.Qxe5 b4 28.
Bf1 Qc2 29.R6d2 Qc6 30.Rd6 Qc2 31.R6d2 Qc6 32.Rd8+ Rxd8 33.Rxd8+ Kh7 34.
Qb8 Qc1 35.Qxb4 Bxh3 36.Qc4 Qxf1+ 37.Qxf1 Bxf1 38.Kxf1 Nxe4 39.Rd5 g6 40.
Ra5 Kg7 41.Rxa6 Nc5 42.Ra5 Ne4 43.Ke2 Nf6 44.Kd3 Ng4 45.Ra2 Kg8 46.Ke4 Kg7
47.f3 Nf6+ 48.Ke5 Nd7+ 49.Kd6 Nf6 50.Rd2 Nh5 51.Rg2 Nf6 52.Rg1 Ne8+ 53.Ke5
Nf6 54.Rd1 Nh5 55.g4 Nf6 56.Rd6 Nh7 57.f4 Nf8 58.f5 gxf5 59.gxf5 Nh7 60.
f6+ Kg6 61.Rd1 Ng5 62.Rg1 Kh5 63.Kf5 Kh4 64.Rh1+ Nh3 65.Rh2 Kg3 66.Ra2 Kh4
67.Ra4+ Kh5 68.Ra8 Ng5 69.Rh8 Nf3 70.Ke4 Ng5+ 71.Ke5 Kg6 72.Rg8+ Kh5 73.
Kf5 Kh4 74.Ra8 Kh5 75.Ra4 Nf3 76.Ra1 Nh4+ 77.Kf4 Ng6+ 78.Kf5 Nh4+ 79.Ke4 
Kg5 80.Rf1 1/2-1/2

[Event "17th Reykjavik op"]
[Site "Reykjavik ISL"]
[Date "1996.03.06"]
[Round "5.8"]
[White "Yoos, John"]
[Black "Hansen, Curt"]
[Result "0-1"]
[WhiteElo "2345"]
[BlackElo "2615"]
[EventDate "1996.03.02"]
[PlyCount "50"]

1.e4 e6 2.d4 d5 3.e5 c5 4.c3 Nc6 5.Nf3 Bd7 6.a3 f6 7.Bd3 fxe5 8.Nxe5 Nf6 
9.O-O Bd6 10.Bf4 Qc7 11.Re1 O-O 12.Bg3 Rae8 13.b4 cxd4 14.cxd4 g6 15.Ra2 
Bxe5 16.Bxe5 Nxe5 17.Rxe5 Qb6 18.Be2 Ne4 19.Bf3 Nd6 20.Nc3 Rc8 21.Ne2 Kg7 
22.h4 Qd8 23.Nc1 Qxh4 24.g3 Ba4 25.Qe1 Qxd4 0-1

[Event "17th Reykjavik op"]
[Site "Reykjavik ISL"]
[Date "1996.03.06"]
[Round "5.10"]
[White "Gunnarsson, Jon Viktor"]
[Black "Hjartarson, Johann"]
[Result "0-1"]
[WhiteElo "2180"]
[BlackElo "2570"]
[EventDate "1996.03.02"]
[PlyCount "80"]

1.e4 e6 2.d4 d5 3.e5 c5 4.c3 Nc6 5.Nf3 Bd7 6.a3 c4 7.g3 Na5 8.Nbd2 Qc7 9.
Bg2 h6 10.O-O O-O-O 11.Rb1 Ne7 12.Qe2 Ba4 13.Ne1 Qd7 14.f4 Kb8 15.Ndf3 Nb3
16.Nc2 Nxc1 17.Rbxc1 g6 18.Ne3 Nc6 19.g4 h5 20.h3 Be7 21.Nd2 hxg4 22.hxg4 
Na5 23.Kf2 Nb3 24.Nxb3 Bxb3 25.g5 a5 26.Rh1 b5 27.Ng4 b4 28.axb4 axb4 29.
Rxh8 Rxh8 30.Rh1 Rxh1 31.Bxh1 Qa4 32.Qf3 Bd1 33.Qh3 Qc2+ 34.Kg1 Bxg4 35.
Qxg4 Qc1+ 36.Kh2 Qxb2+ 37.Bg2 bxc3 38.Qh4 c2 39.Qh8+ Kc7 40.Qe8 Qa3 0-1

[Event "17th Reykjavik op"]
[Site "Reykjavik ISL"]
[Date "1996.03.06"]
[Round "5.12"]
[White "Thorhallsson, Throestur"]
[Black "Ulfarsson, Magnus Oern"]
[Result "1-0"]
[WhiteElo "2445"]
[BlackElo "2290"]
[EventDate "1996.03.02"]
[PlyCount "69"]

1.e4 c5 2.Nf3 d6 3.d4 cxd4 4.Nxd4 Nf6 5.Nc3 Nc6 6.Bg5 e6 7.Qd2 a6 8.O-O-O 
h6 9.Be3 Be7 10.f4 Bd7 11.h3 b5 12.Bd3 O-O 13.Kb1 Nxd4 14.Bxd4 b4 15.Ne2 
Qa5 16.Qe3 Rab8 17.b3 e5 18.Bb2 Bc6 19.Ng3 Bd7 20.Rhf1 exf4 21.Qxf4 Be6 
22.Nf5 Bxf5 23.Qxf5 Qxf5 24.Rxf5 Nd7 25.Bxa6 Ra8 26.Bc4 Ne5 27.Bd5 Ra7 28.
c3 bxc3 29.Bxc3 Bf6 30.Rf2 Rc8 31.Bd4 Rac7 32.g4 Bh4 33.Re2 Bg5 34.Bb2 Bf6
35.Rdd2 1-0

[Event "17th Reykjavik op"]
[Site "Reykjavik ISL"]
[Date "1996.03.06"]
[Round "5.13"]
[White "Bjornsson, Bjorn Freyr"]
[Black "Lyrberg, Patrik"]
[Result "0-1"]
[WhiteElo "2230"]
[BlackElo "2425"]
[EventDate "1996.03.02"]
[PlyCount "66"]

1.d4 Nf6 2.c4 g6 3.Nc3 Bg7 4.Nf3 O-O 5.e4 d6 6.h3 c5 7.d5 a6 8.a4 e6 9.Bd3
exd5 10.cxd5 Nbd7 11.O-O Nh5 12.g4 Nhf6 13.Bf4 Qe7 14.Qc2 h5 15.g5 Nh7 16.
Be3 f6 17.h4 fxg5 18.Nxg5 Ne5 19.Be2 Nf7 20.f4 Bd4 21.Qd2 Nhxg5 22.fxg5 
Bh3 23.Rf2 Qe5 24.Bxd4 cxd4 25.Nd1 Qg3+ 26.Kh1 Ne5 27.Ra3 Qxh4 28.Qxd4 Ng4
29.Bxg4 Bxg4+ 30.Kg2 Bxd1 31.Rg3 Rxf2+ 32.Kxf2 Qh2+ 33.Rg2 Rf8+ 0-1

[Event "17th Reykjavik op"]
[Site "Reykjavik ISL"]
[Date "1996.03.06"]
[Round "5.14"]
[White "Raetsky, Alexander"]
[Black "De Kleuver, Esther"]
[Result "1/2-1/2"]
[WhiteElo "2485"]
[BlackElo "2210"]
[EventDate "1996.03.02"]
[PlyCount "92"]

1.d4 Nf6 2.c4 e6 3.g3 d5 4.Nf3 c6 5.Qc2 Nbd7 6.Bg2 Bd6 7.O-O O-O 8.Nbd2 
Re8 9.Rd1 Qe7 10.b3 e5 11.cxd5 cxd5 12.dxe5 Nxe5 13.Bb2 Neg4 14.Bd4 Ne4 
15.Nf1 Bd7 16.Ne3 Nexf2 17.Nxd5 Qxe2 18.Rd2 Nh3+ 19.Bxh3 Qxf3 20.Bg2 Qf5 
21.Qxf5 Bxf5 22.h3 Ne5 23.Ne3 Bxh3 24.Bxb7 Rad8 25.Bxa7 Rd7 26.Bg2 Bxg2 
27.Kxg2 Rxa7 28.Rxd6 g6 29.Kf2 Rb8 30.Rdd1 Kg7 31.Nd5 h5 32.b4 Ng4+ 33.Kg2
Rb5 34.Kg1 Rd7 35.Nc3 Rxd1+ 36.Nxd1 Rxb4 37.a4 Rb6 38.a5 Ra6 39.Nb2 Ne5 
40.Kf2 Nc6 41.Nc4 Kf6 42.Rb1 Kg7 43.Rb5 Kf6 44.Ke3 Ke6 45.Ke4 f6 46.Ke3 
Ke7 1/2-1/2

[Event "17th Reykjavik op"]
[Site "Reykjavik ISL"]
[Date "1996.03.06"]
[Round "5.16"]
[White "Borge, Nikolaj"]
[Black "Edvardsson, Kristjan"]
[Result "1-0"]
[WhiteElo "2455"]
[BlackElo "2190"]
[EventDate "1996.03.02"]
[PlyCount "77"]

1.e4 e5 2.Nf3 Nc6 3.Bb5 a6 4.Ba4 Nf6 5.O-O Be7 6.Re1 b5 7.Bb3 d6 8.c3 O-O 
9.h3 Nb8 10.d4 Nbd7 11.Nbd2 Bb7 12.Bc2 Re8 13.Nf1 Bf8 14.Ng3 g6 15.a4 c5 
16.b3 b4 17.a5 bxc3 18.d5 Qe7 19.Ne2 Reb8 20.Nxc3 Ne8 21.Bd3 Bc8 22.Bc4 
Bg7 23.Qd3 Nc7 24.Bg5 Qf8 25.Reb1 h6 26.Be3 f5 27.Ne1 Kh8 28.f3 Nf6 29.b4 
cxb4 30.Na4 Nd7 31.Nb6 Nxb6 32.axb6 Ne8 33.Bxa6 Bxa6 34.Rxa6 fxe4 35.fxe4 
Nf6 36.Rxa8 Rxa8 37.b7 Rb8 38.Rxb4 Qe7 39.Qb1 1-0

[Event "17th Reykjavik op"]
[Site "Reykjavik ISL"]
[Date "1996.03.06"]
[Round "5.17"]
[White "Halldorsson, Bragi"]
[Black "Van der Werf, Mark"]
[Result "1/2-1/2"]
[WhiteElo "2265"]
[BlackElo "2400"]
[EventDate "1996.03.02"]
[PlyCount "103"]

1.d4 d5 2.c4 e6 3.Nc3 c6 4.Nf3 dxc4 5.e3 b5 6.a4 Bb4 7.Bd2 a5 8.axb5 Bxc3 
9.Bxc3 cxb5 10.b3 Bb7 11.bxc4 b4 12.Bd2 Nf6 13.Bd3 Nbd7 14.Qc2 O-O 15.O-O 
Qc7 16.e4 e5 17.Rfe1 Rfe8 18.Nxe5 Nxe5 19.dxe5 Ng4 20.h3 Nxe5 21.Bf1 Nd7 
22.f3 Nc5 23.Be3 Ra6 24.Reb1 Rc8 25.Qf2 Rf6 26.Bd4 Rc6 27.Qa2 Ra6 28.Qf2 
h6 29.Rb2 Rc6 30.Be3 Ba6 31.Rba2 Nb7 32.Rd1 Bxc4 33.Rad2 Bb3 34.Rd7 Bxd1 
35.Rxc7 R6xc7 36.Ba6 Rd7 37.Qg3 Kh7 38.Qg4 Rcc7 39.Qf5+ g6 40.Qf4 g5 41.
Qe5 Bb3 42.Bd4 Rxd4 43.Qxc7 {DL-TLS: starker schwarzer Freibauer sichert 
Gleichgewicht} 43...Nd6 44.Qxa5 Be6 45.Kh2 b3 46.Qc3 Ra4 47.Bd3 Ra2 48.Bb1
Ne8 49.Qd3 Ng7 50.Kh1 Rb2 51.g4 Bc4 52.Qd1 1/2-1/2

[Event "17th Reykjavik op"]
[Site "Reykjavik ISL"]
[Date "1996.03.06"]
[Round "5.18"]
[White "Gunnarsson, Arinbjorn"]
[Black "Gretarsson, Andri Ass"]
[Result "0-1"]
[WhiteElo "2220"]
[BlackElo "2330"]
[EventDate "1996.03.02"]
[PlyCount "116"]

1.e4 c5 2.c4 Nc6 3.Ne2 e5 4.g3 d6 5.Bg2 h5 6.d3 h4 7.O-O hxg3 8.hxg3 Be6 
9.Be3 g5 10.f3 f6 11.g4 Nge7 12.Nbc3 Kf7 13.Kf2 Ng6 14.Qd2 Be7 15.Rh1 Qa5 
16.Nd5 Qxd2 17.Bxd2 Bxd5 18.cxd5 Rxh1 19.Rxh1 Nb4 20.Nc1 b5 21.Bf1 a5 22.
Be2 Nc2 23.Bd1 Nd4 24.Be3 Kg7 25.Ne2 Nxe2 26.Bxe2 Bd8 27.Rc1 Bb6 28.Kg2 
Rb8 29.Kf2 Nf8 30.Bd1 Bd8 31.Rb1 Nd7 32.Be2 Rb7 33.Rc1 Nb6 34.Bd2 Nd7 35.
Bd1 Bb6 36.Kg2 a4 37.Be2 Ra7 38.Rb1 Ba5 39.Be3 Nb8 40.Kf2 Na6 41.Ra1 Nb4 
42.Bd2 Nxd3+ 43.Bxd3 Bxd2 44.Bxb5 Rb7 45.Bxa4 Rxb2 46.Bd1 c4 47.a4 Bf4+ 
48.Ke1 c3 49.a5 c2 50.Bxc2 Rxc2 51.a6 Rh2 52.Ra3 Rh8 53.a7 Ra8 54.Ra6 Be3 
55.Rxd6 Rxa7 56.Rc6 Kf7 57.Ke2 Bd4 58.Rc2 Ra3 0-1

[Event "17th Reykjavik op"]
[Site "Reykjavik ISL"]
[Date "1996.03.06"]
[Round "5.19"]
[White "Olsen, Heini"]
[Black "Pinkus, Lutz"]
[Result "1-0"]
[WhiteElo "2325"]
[BlackElo "2185"]
[EventDate "1996.03.02"]
[PlyCount "51"]

1.Nf3 c5 2.e4 Nc6 3.d4 cxd4 4.Nxd4 Nf6 5.Nc3 e5 6.Ndb5 d6 7.Bg5 a6 8.Na3 
b5 9.Nd5 h6 10.Bxf6 gxf6 11.Bd3 Be6 12.Qf3 Be7 13.c3 Rg8 14.h3 Rc8 15.Nc2 
Rg6 16.a4 bxa4 17.Rxa4 a5 18.Bb5 Bd7 19.Rc4 Kf8 20.Na3 Rg5 21.O-O f5 22.
exf5 e4 23.Qf4 Ne5 24.Rxc8 Bxc8 25.f6 Bxh3 26.Qxg5 1-0

[Event "17th Reykjavik op"]
[Site "Reykjavik ISL"]
[Date "1996.03.06"]
[Round "5.21"]
[White "Thorsson, Olafur"]
[Black "Andreasen, Per"]
[Result "1-0"]
[WhiteElo "2160"]
[BlackElo "2325"]
[EventDate "1996.03.02"]
[PlyCount "79"]

1.b3 e5 2.Bb2 d6 3.c4 Nd7 4.g3 g6 5.Bg2 Bg7 6.d4 Ngf6 7.Nc3 O-O 8.e3 Re8 
9.Nge2 c6 10.O-O exd4 11.Nxd4 Nc5 12.b4 Ne6 13.Nce2 Nxd4 14.Nxd4 Ng4 15.
Qc2 Ne5 16.h3 c5 17.bxc5 dxc5 18.Nb5 Be6 19.Rfd1 Qe7 20.Nd6 Red8 21.Bxe5 
Bxe5 22.Nxb7 Rxd1+ 23.Rxd1 Rb8 24.Qe4 Bxh3 25.Na5 Bxg2 26.Kxg2 Rb2 27.Nc6 
Qf6 28.Rd8+ Kg7 29.Qxe5 Rxf2+ 30.Kh3 Qxe5 31.Nxe5 Rxa2 32.Rd5 Re2 33.Rxc5 
Rxe3 34.Nc6 a6 35.Nb4 a5 36.Rxa5 h5 37.Ra2 h4 38.Rc2 hxg3 39.c5 g2+ 40.
Kxg2 1-0

[Event "17th Reykjavik op"]
[Site "Reykjavik ISL"]
[Date "1996.03.06"]
[Round "5.22"]
[White "Einarsson, Bergsteinn"]
[Black "Sigfusson, Sigurdur"]
[Result "1-0"]
[WhiteElo "2175"]
[BlackElo "2245"]
[EventDate "1996.03.02"]
[PlyCount "61"]

1.d4 f5 2.c4 e6 3.Nf3 d5 4.g3 c6 5.Bg2 Bd6 6.O-O Nf6 7.b3 O-O 8.Ba3 Bxa3 
9.Nxa3 Qd6 10.Nc2 Nbd7 11.Nce1 b6 12.Nd3 c5 13.e3 Bb7 14.Nfe5 cxd4 15.exd4
Rac8 16.Re1 Rfe8 17.b4 dxc4 18.Bxb7 Rc7 19.Nc5 Nxe5 20.Rxe5 bxc5 21.bxc5 
Qd8 22.Ba6 Ng4 23.Re2 Rd7 24.Bxc4 Rxd4 25.Qb3 Rd2 26.Rxe6 Rxe6 27.Bxe6+ 
Kf8 28.c6 Qd4 29.Qa3+ Ke8 30.Bd7+ Kd8 31.Qa5+ 1-0

[Event "17th Reykjavik op"]
[Site "Reykjavik ISL"]
[Date "1996.03.06"]
[Round "5.23"]
[White "Thorfinnsson, Bjoern"]
[Black "Karason, Askell Oern"]
[Result "0-1"]
[WhiteElo "2060"]
[BlackElo "2230"]
[EventDate "1996.03.02"]
[PlyCount "44"]

1.d4 Nf6 2.c4 g6 3.Nc3 Bg7 4.e4 O-O 5.f3 d6 6.Be3 e5 7.d5 Nh5 8.Nge2 f5 9.
Qc2 Nd7 10.O-O-O Ndf6 11.h3 fxe4 12.fxe4 a6 13.g4 Nf4 14.Qd2 b5 15.Nxf4 
exf4 16.Bd4 b4 17.Bxf6 Qxf6 18.Ne2 Bd7 19.Nd4 Rae8 20.Bg2 f3 21.Nxf3 Rxe4 
22.Qc2 Rxc4 0-1